000 00311nam a2200133Ia 4500
008 100328s9999 xx 000 0 und d
082 _b47499
100 _aKellerman Faye
245 _aThe Rithal Bath
260 _bHeadline books
630 _aThe Rithal Bath
730 _aThe Rithal Bath
942 _cBOOK
999 _c535271
_d535268